| 000 | 01000cab a22002055a 4500 | ||
|---|---|---|---|
| 001 | L138486 | ||
| 008 | 070612e20070906xxk f 000 0 eng d | ||
| 035 | _a(Sirsi) u138486 | ||
| 041 | 0 | _aeng | |
| 100 | 1 | _aMorley, Stuart | |
| 245 | 0 | 0 | _aBalance the risk and profit |
| 260 | _c2007 | ||
| 490 |
_aEstates Gazette _v(0723) 9 June 2007, 160-161(2) |
||
| 520 | _aMainly for Students article examines the implications of preletting agreements from the developer?s viewpoint. There are financial benefits and drawbacks. Prelet negotiations may delay construction and increase land finance costs. However, banks will normally take a favourable view of prelets. The developer?s risk may also be reduced. A significant prelet may stimulate interest in a site. The property cycle is considered, with rent reviews potentially taking place upon the date of occupation. | ||
| 590 | _aKA | ||
| 651 | 4 |
_aUnited Kingdom _y |
|
| 690 | _aPROPERTY-PROPERTY DEVELOPMENT | ||
| 700 | 1 | _aFisher, Peter | |
| 942 | _n0 | ||
| 999 |
_c78888 _d78888 |
||